| 000 | 00000nam##2200000za#4500 |
| 001 | 9.571005 |
| 003 | CaOODSP |
| 005 | 20210624182519 |
| 007 | cr ||||||||||| |
| 008 | 150406|2007||||xxc|||||o f|0| 0 eng|d |
| 040 | |aCaOODSP|beng |
| 043 | |an-cn--- |
| 086 | 1 |aYC32-0/391-12E-PDF |
| 110 | 1 |aCanada. |bParliament. |bSenate. |bStanding Committee on Human Rights. |
| 245 | 10|aCanada and the United Nations Human Rights Council : |h[electronic resource]|bat the crossroads / |cThe Honourable Raynell Andreychuk, chair ; the Honourable Joan Fraser, deputy chair. |
| 246 | 3 |aInterim report, Standing Senate Committee on Human Rights |
| 260 | |aOttawa - Ontario : |bSenate. |cMay 2007. |
| 300 | |a99p.|breferences, tables |
| 490 | 1 |aReport of the Standing Senate Committee on Human Rights|v[39th Parliament, 1st Session, 12th report] |
| 590 | |a11-12-Supp|b2011-07-29 |
| 775 | 08|tLe Canada et le Conseil des droits de l'homme des Nations Unies : |w(CaOODSP)9.601648 |
| 830 | #0|aReport of the Standing Senate Committee on Human Rights ;|v[39th Parliament, 1st Session, 12th report]|w(CaOODSP)9.505251 |
| 856 | 40|ahttp://publications.gc.ca|qPDF|s611 Ko|uhttps://publications.gc.ca/collections/collection_2011/sen/yc32-0/YC32-0-391-12-eng.pdf|y[39th Parliament, 1st Session, 12th report] |